[Event "Getxo op 4th"]
[Site "Getxo"]
[Date "2019.09.12"]
[Round "6"]
[White "Besga Lopez, Jose Angel"]
[Black "Reguillaga Elias, Manex"]
[Result "1-0"]
[WhiteElo "2029"]
[BlackElo "1895"]
[PlyCount "45"]
[EventDate "2019.09.08"]
[EventType "swiss"]
[EventRounds "9"]
[EventCountry "ESP"]
[SourceTitle "EXT 2020"]
[Source "ChessBase"]
[SourceDate "2019.10.17"]
[SourceVersion "1"]
[SourceVersionDate "2019.10.17"]
[SourceQuality "1"]

1. e4 e6 2. d4 d5 3. Bd3 Nf6 4. Bg5 Be7 5. Bxf6 Bxf6 6. e5 Be7 7. Nf3 c5 8. c3 Nc6 9. dxc5 Bxc5 10. b4 Be7 11. 0-0 0-0 12. Qe2 f6 13. Nbd2 Nxe5 14. Nxe5 fxe5 15. Qxe5 Bf6 16. Qg3 e5 17. Rad1 e4 18. Nxe4 dxe4 19. Bc4+ Kh8 20. Rxd8 Rxd8 21. Qf4 Bxc3 22. Qxe4 a6 23. Qf3 1-0

[Event "Euskadi-ch Seniors 28th"]
[Site "Zarautz"]
[Date "2018.06.23"]
[Round "6"]
[White "Arranz Arranz, Javier"]
[Black "Besga Lopez, Jose Angel"]
[Result "1/2-1/2"]
[WhiteElo "1838"]
[BlackElo "2111"]
[PlyCount "45"]
[EventDate "2018.06.23"]
[EventType "swiss"]
[EventRounds "6"]
[EventCountry "ESP"]
[SourceTitle "EXT 2021"]
[Source "ChessBase"]
[SourceDate "2020.10.23"]
[SourceVersion "1"]
[SourceVersionDate "2020.10.23"]
[SourceQuality "1"]

1. e4 e5 2. Nc3 d6 3. f4 Nc6 4. Nf3 exf4 5. d4 Bg4 6. Bb5 a6 7. Bxc6+ bxc6 8. Bxf4 Qf6 9. Be3 Bxf3 10. Qxf3 Qxf3 11. gxf3 g6 12. 0-0-0 Bh6 13. Rhe1 Bxe3+ 14. Rxe3 Ne7 15. d5 cxd5 16. Nxd5 Nxd5 17. Rxd5 0-0 18. Rc3 Ra7 19. Rc6 f5 20. e5 dxe5 21. Rxe5 Kg7 22. Rec5 Rf7 23. Ra5 1/2-1/2

[Event "Bilbao op 9th"]
[Site "Bilbao"]
[Date "2016.07.19"]
[Round "6"]
[White "Schut, Han"]
[Black "Besga Lopez, Jose Angel"]
[Result "1/2-1/2"]
[WhiteElo "2111"]
[BlackElo "2123"]
[PlyCount "117"]
[EventDate "2016.07.13"]
[EventType "swiss"]
[EventRounds "10"]
[EventCountry "ESP"]
[SourceTitle "CBM 173 Extra"]
[Source "ChessBase"]
[SourceDate "2016.08.29"]
[SourceVersion "1"]
[SourceVersionDate "2016.08.29"]
[SourceQuality "1"]

1. e4 e5 2. Nf3 f5 3. Nxe5 Qe7 4. Qh5+ g6 5. Nxg6 Qxe4+ 6. Be2 Nf6 7. Qh3 hxg6 8. Qxh8 Qxg2 9. Rf1 Kf7 10. Qh4 Nc6 11. Qg3 Qxg3 12. fxg3 Nd4 13. Bd1 c5 14. c3 Nc6 15. d3 d5 16. Bf4 Be6 17. Nd2 Re8 18. Kf2 Be7 19. Kg1 Nh7 20. h4 Rg8 21. Nf3 g5 22. hxg5 Nxg5 23. Nxg5+ Bxg5 24. Bxg5 Rxg5 25. Kg2 Ne5 26. Be2 d4 27. c4 Bd7 28. Kf2 Bc6 29. Rg1 Rg7 30. Raf1 Ke6 31. Ke1 b5 32. b3 bxc4 33. dxc4 a5 34. Kd2 Be4 35. Rf4 Ng6 36. Rf2 a4 37. g4 f4 38. Bd1 Kd6 39. Re1 Bc6 40. Rfe2 Bd7 41. Re4 axb3 42. axb3 Rh7 43. Kc1 Rh3 44. Kb2 Re3 45. b4 Rc3 46. bxc5+ Kxc5 47. R4e2 Re3 48. Rh1 Kxc4 49. Rc2+ Kb4 50. Rc7 Ne5 51. Rb7+ Bb5 52. Rh5 Nc4+ 53. Kb1 Na3+ 54. Kc1 f3 55. Rf5 Rc3+ 56. Kd2 Nc4+ 57. Ke1 Nd6 58. Rbxb5+ Nxb5 59. Rxf3 1/2-1/2

[Event "Bilbao op 9th"]
[Site "Bilbao"]
[Date "2016.07.15"]
[Round "3"]
[White "Trigo Urquijo, Sergio"]
[Black "Besga Lopez, Jose Angel"]
[Result "1/2-1/2"]
[WhiteElo "2416"]
[BlackElo "2123"]
[PlyCount "64"]
[EventDate "2016.07.13"]
[EventType "swiss"]
[EventRounds "10"]
[EventCountry "ESP"]
[SourceTitle "CBM 173 Extra"]
[Source "ChessBase"]
[SourceDate "2016.08.29"]
[SourceVersion "1"]
[SourceVersionDate "2016.08.29"]
[SourceQuality "1"]

1. d4 d5 2. c4 c6 3. Nf3 Bg4 4. Ne5 Qc8 5. cxd5 cxd5 6. Nc3 Nf6 7. Qb3 Nc6 8. Nxg4 Nxg4 9. e4 e6 10. Be2 Nf6 11. e5 Nd7 12. Be3 Be7 13. 0-0 0-0 14. Qd1 Ndxe5 15. dxe5 d4 16. Bd2 dxc3 17. Bxc3 Qc7 18. f4 Qb6+ 19. Kh1 Rfd8 20. Qe1 Bb4 21. Rc1 Bxc3 22. Qxc3 Ne7 23. Qa3 Nd5 24. g3 Ne3 25. Rf3 Nf5 26. Rfc3 Nd4 27. Bf1 Nb5 28. Bxb5 Qxb5 29. Qb3 Qe2 30. Qc2 Qa6 31. Ra3 Qb5 32. Rb3 Qa6 1/2-1/2

[Event "Iberoamerican-ch 6th"]
[Site "Bilbao"]
[Date "2015.10.26"]
[Round "1"]
[White "Fier, Alexandr"]
[Black "Besga Lopez, Jose Angel"]
[Result "1-0"]
[WhiteElo "2624"]
[BlackElo "2082"]
[PlyCount "85"]
[EventDate "2015.10.26"]
[EventType "swiss"]
[EventRounds "9"]
[EventCountry "ESP"]
[SourceTitle "CBM 169 Extra"]
[Source "ChessBase"]
[SourceDate "2015.12.18"]
[SourceVersion "1"]
[SourceVersionDate "2015.12.18"]
[SourceQuality "1"]

1. e4 e5 2. f4 d5 3. exd5 e4 4. d3 Qxd5 5. Nc3 Bb4 6. Bd2 Bxc3 7. Bxc3 Ne7 8. Bxg7 Rg8 9. Bc3 Bg4 10. Qd2 Nbc6 11. dxe4 Qxe4+ 12. Kf2 Rd8 13. Bd3 Qd5 14. Qe3 Bf5 15. Nf3 Bxd3 16. Rhd1 Qf5 17. Rxd3 Rxd3 18. cxd3 Kd8 19. Qe4 Qg4 20. g3 Rg6 21. Re1 Qh5 22. Qc4 Nd5 23. Re5 Nxe5 24. Qxd5+ Rd6 25. Qxe5 f5 26. Qh8+ Kd7 27. Qg7+ Kc6 28. Be5 Rd7 29. Qf6+ Kb5 30. Qe6 Rxd3 31. a4+ Kc5 32. Bd4+ Rxd4 33. Qe5+ Rd5 34. Qxc7+ Kb4 35. Qxb7+ Kc5 36. Qc7+ Kb4 37. Qc3+ Kxa4 38. Qc4+ Ka5 39. Qxd5+ Ka6 40. Qc6+ Ka5 41. h4 Qf7 42. Nd4 Qe7 43. Qb5# 1-0

[Event "Benidorm op U2300 13th"]
[Site "Benidorm"]
[Date "2014.11.28"]
[Round "1"]
[White "Buenafe Moya, Javier"]
[Black "Besga Lopez, Jose Angel"]
[Result "0-1"]
[WhiteElo "2256"]
[BlackElo "2068"]
[PlyCount "42"]
[EventDate "2014.11.28"]
[EventType "swiss"]
[EventRounds "10"]
[EventCountry "ESP"]
[SourceTitle "CBM 163 Extra"]
[Source "ChessBase"]
[SourceDate "2014.12.23"]
[SourceVersion "1"]
[SourceVersionDate "2014.12.23"]
[SourceQuality "1"]

1. c4 f5 2. Nc3 Nf6 3. e4 d6 4. h3 e5 5. exf5 Bxf5 6. g4 Be6 7. Bg2 Nbd7 8. b3 c6 9. d4 d5 10. g5 exd4 11. Qxd4 Bc5 12. Qd2 Ne4 13. Bxe4 dxe4 14. Nxe4 0-0 15. Nxc5 Nxc5 16. Qxd8 Raxd8 17. Be3 Nd3+ 18. Kf1 b6 19. Ne2 c5 20. h4 Bg4 21. h5 Rde8 0-1

[Event "Euskadi-chT (Vasca) Div Honor"]
[Site "Bergara"]
[Date "2014.02.01"]
[Round "4.4"]
[White "Besga Lopez, Jose Angel"]
[Black "Franco Alonso, Alejandro"]
[Result "0-1"]
[WhiteElo "2040"]
[BlackElo "2479"]
[PlyCount "67"]
[EventDate "2014.01.11"]
[EventType "team-tourn"]
[EventRounds "9"]
[EventCountry "ESP"]
[SourceTitle "EXT 2024"]
[Source "ChessBase"]
[SourceDate "2023.10.10"]
[SourceVersion "1"]
[SourceVersionDate "2023.10.10"]
[SourceQuality "1"]

1. e4 c5 2. d4 cxd4 3. c3 Nf6 4. e5 Nd5 5. cxd4 d6 6. Bc4 Nb6 7. Nf3 Nxc4 8. Qa4+ Nc6 9. Qxc4 d5 10. Qb3 Bg4 11. Be3 Qd7 12. Nbd2 e6 13. h3 Bh5 14. a3 Be7 15. 0-0 0-0 16. Rfe1 Rfc8 17. g4 Bg6 18. h4 h5 19. gxh5 Na5 20. Qa2 Bxh5 21. b3 Rc3 22. Rac1 Rac8 23. Qb2 Qc7 24. Nb1 Rc2 25. Qxc2 Qxc2 26. Rxc2 Rxc2 27. Nfd2 Bxh4 28. b4 Nc4 29. Nxc4 dxc4 30. Rc1 Bxf2+ 31. Kf1 Rxc1+ 32. Bxc1 Bxd4 33. Bf4 c3 34. a4 0-1

[Event "Euskadi-ch Seniors"]
[Site "Zarautz"]
[Date "2013.06.15"]
[Round "4"]
[White "Vinal Gutierrez, Pedro"]
[Black "Besga Lopez, Jose Angel"]
[Result "1/2-1/2"]
[WhiteElo "2063"]
[BlackElo "2045"]
[PlyCount "92"]
[EventDate "2013.06.15"]
[EventType "swiss"]
[EventRounds "6"]
[EventCountry "ESP"]
[SourceTitle "EXT 2015"]
[Source "ChessBase"]
[SourceDate "2014.11.20"]
[SourceVersion "1"]
[SourceVersionDate "2014.11.20"]
[SourceQuality "1"]

1. d4 d5 2. Nf3 Bg4 3. c3 Bxf3 4. exf3 c6 5. Bf4 Nd7 6. Qb3 Qb6 7. Nd2 g6 8. 0-0-0 Bh6 9. Bxh6 Nxh6 10. Qxb6 axb6 11. a3 Nf5 12. Bd3 Nd6 13. h4 h5 14. f4 e6 15. Rde1 0-0-0 16. Nf3 Rhg8 17. Ng5 Nf8 18. Re2 Kd7 19. Rhe1 Re8 20. g3 c5 21. Bc2 Rc8 22. Nf3 f6 23. Ba4+ Kc7 24. Bc2 Kc6 25. Ba4+ Kc7 26. Bc2 Kb8 27. Kb1 Rg7 28. Bd3 Kc7 29. Ka2 Ra8 30. Kb1 Kc6 31. Kc1 Re7 32. Bc2 Nc4 33. f5 gxf5 34. Bxf5 Kd6 35. Bd3 Na5 36. Bc2 Nc6 37. Re3 cxd4 38. cxd4 Rc7 39. Kb1 Rac8 40. R3e2 Na5 41. Bg6 Nxg6 42. Rxe6+ Kd7 43. Rxf6 Rf8 44. Rxg6 Rxf3 45. Rg7+ Kd8 46. Rg8+ Kd7 1/2-1/2

[Event "Euskadi-chT Div Honor"]
[Site "Bergara"]
[Date "2013.02.23"]
[Round "7.1"]
[White "Besga Lopez, Jose Angel"]
[Black "Del Rio de Angelis, Salvador Gabriel"]
[Result "0-1"]
[WhiteElo "2046"]
[BlackElo "2471"]
[PlyCount "68"]
[EventDate "2013.01.12"]
[EventType "team"]
[EventRounds "9"]
[EventCountry "ESP"]
[SourceTitle "EXT 2015"]
[Source "ChessBase"]
[SourceDate "2014.11.20"]
[SourceVersion "1"]
[SourceVersionDate "2014.11.20"]
[SourceQuality "1"]

1. e4 d6 2. d4 Nf6 3. Nc3 g6 4. f4 Bg7 5. e5 Nfd7 6. Nf3 c5 7. exd6 0-0 8. dxe7 Qxe7+ 9. Qe2 Qd8 10. Be3 Re8 11. 0-0-0 Nc6 12. Qd2 Qa5 13. Bc4 Nb6 14. Bxf7+ Kxf7 15. dxc5 Bxc3 16. Qd6 Qxa2 17. Ng5+ Kg8 18. bxc3 Qa1+ 19. Kd2 Nc4+ 20. Ke2 Nxd6 21. Rxa1 Nc4 22. Ra4 Rxe3+ 23. Kf2 Rxc3 24. Re1 Bf5 25. g4 Bxg4 26. Ne4 Rxc2+ 27. Kg3 Bf5 28. Nf6+ Kg7 29. Ne8+ Kf7 30. Nd6+ Nxd6 31. cxd6 Rd8 32. Rd1 Rc3+ 33. Kf2 Bc2 34. Rc1 Bxa4 0-1

[Event "Benidorm op U2300 11th"]
[Site "Benidorm"]
[Date "2012.12.03"]
[Round "4"]
[White "Besga Lopez, Jose Angel"]
[Black "Lacrosse, Marc"]
[Result "0-1"]
[WhiteElo "2029"]
[BlackElo "2163"]
[PlyCount "36"]
[EventDate "2012.11.30"]
[EventType "swiss"]
[EventRounds "10"]
[EventCountry "ESP"]
[SourceTitle "EXT 2014"]
[Source "ChessBase"]
[SourceDate "2013.11.20"]
[SourceVersion "1"]
[SourceVersionDate "2013.11.20"]
[SourceQuality "1"]

1. e4 e5 2. Nf3 Nc6 3. d4 exd4 4. Bc4 Bc5 5. 0-0 d6 6. b4 Bb6 7. a4 a6 8. Bb2 Bg4 9. b5 Ne5 10. Nxe5 Bxd1 11. Nxf7 Qh4 12. Rxd1 Nf6 13. Nxh8 Ng4 14. Be6 Nxf2 15. g3 Qxe4 16. Nd2 Qh1+ 17. Kxf2 d3+ 18. Bd4 Bxd4# 0-1